00646nam a2200169 a 450000100100000000500170001000800410002702000180006804000250008608200160011110000330012724501600016026000500032030000280037050400320039870000460043000004886020240316073905.0190422s2016 dr a r 000 0 spa d a9781535502627 aDO-SdBNPbspacBNPHU axxxxbR666d1 aRobiou Lamarche, Sebastián10aDe aquí y de allá :bantología de escritos en el tiempo y el espacio 1980-2016 /cSebastián Robiou Lamarche ; presentación Marcio Veloz Maggiolo. aSan Juan, Puerto Rico :bPunto y coma,c2016. a424 p. :bil. ;c23 cm. aBibliografía : p. 403-4161 aVeloz Maggiolo, Marcio,d1936-2021epres.